The Biochemistry of steroid hormone action : Biochemical Society symposium no. 32, held in University College, London, March 1970 /

Saved in:
Bibliographic Details
Other Authors: Smellie, R. M. S. (Robert Martin Stuart)
Format: Book
Language:English
Published: London ; New York : Academic Press, 1971.
Series:Biochemical Society. Symposia no. 32
Subjects:
LEADER 01206nam a2200265 a 4500
001 c000300149
003 CARM
005 20061111042459.0
008 710917s1971 enka b 101 0 eng
015 |a B71-17913 
019 1 |a 10221619  |z 471185  |z 22514777  |5 LACONCORD2021 
020 |z 0126494502 :  |c 3.50 
035 |a (OCoLC)163475  |5 LACONCORD2021 
050 0 0 |a QH345  |b .B522 no. 32  |a QP801.S6 
245 1 4 |a The Biochemistry of steroid hormone action :  |b Biochemical Society symposium no. 32, held in University College, London, March 1970 /  |c organized and edited by R. M. S. Smellie. 
260 |a London ;  |a New York :  |b Academic Press,  |c 1971. 
300 |a ix, 173 p. :  |b illus ;  |c 26 cm. 
490 0 |a Biochemical Society. Symposia no. 32 
504 |a Includes bibliographies. 
650 0 |a Steroid hormones. 
700 1 0 |a Smellie, R. M. S.  |q (Robert Martin Stuart) 
810 2 |a Biochemical Society (Great Britain).  |b Symposium.  |t Biochemical Society symposia ;  |v no. 32. 
852 8 |b CARM  |h A3:AE28F0  |i C12222  |p 0550070  |f BK 
999 f f |i 35200a1e-5ff8-58f0-a94b-44c4900a866b  |s cc0fb57e-0d6d-5975-a5e0-59a1b0ba561d 
952 f f |p Can circulate  |a CAVAL  |b CAVAL  |c CAVAL  |d CARM 1 Store  |e C12222  |f A3:AE28F0  |h Other scheme  |i book  |m 0550070